[Event "DLM 2013"]
[Site " "]
[Date "2013.10.03"]
[Round "2.8"]
[White "Weiten, Teresa"]
[Black "Münch, Michelle"]
[Result "1-0"]
[WhiteElo "976"]
[BlackElo "915"]
[PlyCount "69"]
[EventDate "2013.??.??"]
[WhiteTeam "Saarland"]
[BlackTeam "Hamburg"]

1. e4 e5 2. Nf3 Nc6 3. Nc3 Nf6 4. d4 d6 5. Bg5 Be7 6. Bd3 Bg4 7. Bb5 O-O 8. Qd3
Nb4 9. Qe2 Ne8 10. Bxe7 Qxe7 11. O-O d5 12. a3 a6 13. Bxe8 dxe4 14. Qxe4 Bh5
15. axb4 Raxe8 16. b5 Bg6 17. Qxb7 axb5 18. Nxb5 Rb8 19. Qxc7 Qe8 20. Nd6 Qe6
21. Nxe5 Bh5 22. b3 Rbd8 23. Nb5 Rd5 24. Qc6 Rc8 25. Qxe6 fxe6 26. c4 Rdd8 27.
g4 Be8 28. Ra7 g6 29. f4 h5 30. f5 exf5 31. gxf5 g5 32. f6 Bxb5 33. Rg7+ Kf8
34. Ng6+ Ke8 35. Re7# 1-0

[Event "DLM 2013"]
[Site " "]
[Date "2013.10.03"]
[Round "2.1"]
[White "Pixa, Richard"]
[Black "Bräuer, Franz"]
[Result "0-1"]
[WhiteElo "1993"]
[BlackElo "2281"]
[PlyCount "86"]
[EventDate "2013.??.??"]
[WhiteTeam "Berlin"]
[BlackTeam "Thüringen"]

1. d4 Nf6 2. c4 g6 3. Nc3 Bg7 4. e4 d6 5. f3 O-O 6. Be3 Nbd7 7. Nge2 c5 8. d5
Ne5 9. Ng3 e6 10. Be2 exd5 11. cxd5 a6 12. a4 h5 13. O-O Nh7 14. Qd2 h4 15. Nh1
f5 16. Nf2 Re8 17. Rae1 Bd7 18. f4 Nf7 19. Bd3 Rc8 20. exf5 gxf5 21. Nh3 Nh6
22. Ng5 Ng4 23. Kh1 c4 24. Bb1 Nxe3 25. Rxe3 Rxe3 26. Qxe3 Qf6 27. Qh3 Nxg5 28.
fxg5 Qxg5 29. Bxf5 Bxf5 30. Qxf5 Qxf5 31. Rxf5 Re8 32. Kg1 Re1+ 33. Kf2 Rc1 34.
Rf4 Rc2+ 35. Ne2 Bxb2 36. Rxh4 b5 37. axb5 axb5 38. Ke3 Be5 39. Rg4+ Kf7 40. h4
b4 41. h5 b3 42. Rh4 b2 43. Rh1 c3 0-1

[Event "DLM 2013"]
[Site " "]
[Date "2013.10.03"]
[Round "2.2"]
[White "Hoffmann, Tim"]
[Black "Greßmann, Moritz"]
[Result "1-0"]
[WhiteElo "1949"]
[BlackElo "1999"]
[PlyCount "71"]
[EventDate "2013.??.??"]
[WhiteTeam "Thüringen"]
[BlackTeam "Berlin"]

1. e4 e5 2. Nf3 Nc6 3. d4 exd4 4. Nxd4 Bc5 5. Be3 Qf6 6. c3 b6 7. Qd2 Bb7 8. b4
Bxd4 9. cxd4 Nge7 10. b5 Na5 11. Nc3 Qg6 12. f3 d5 13. Bd3 Qh5 14. O-O O-O 15.
Ne2 f6 16. Qc2 dxe4 17. fxe4 c6 18. Nf4 Qf7 19. e5 f5 20. Bd2 cxb5 21. Bxa5
bxa5 22. Bxb5 Rac8 23. Qb3 Rfd8 24. Qxf7+ Kxf7 25. e6+ Kf6 26. Bd7 Rc2 27. Rfc1
Rd2 28. Rd1 Rc2 29. Rdc1 Rd2 30. Rd1 Rc2 31. d5 g5 32. Nh5+ Kg6 33. d6 Rxg2+
34. Kf1 f4 35. dxe7 f3 36. exd8=Q 1-0

[Event "DLM 2013"]
[Site " "]
[Date "2013.10.03"]
[Round "2.3"]
[White "Donath, Johann"]
[Black "Zahn, Alina"]
[Result "1/2-1/2"]
[WhiteElo "1932"]
[BlackElo "1944"]
[PlyCount "124"]
[EventDate "2013.??.??"]
[WhiteTeam "Berlin"]
[BlackTeam "Thüringen"]

1. e4 e5 2. Nf3 Nc6 3. d4 exd4 4. Nxd4 Bc5 5. Nb3 Bb6 6. Nc3 Nf6 7. Qe2 O-O 8.
Be3 Re8 9. f3 d5 10. O-O-O Be6 11. g4 Qc8 12. g5 Nd7 13. Nxd5 Bxd5 14. Rxd5 Nb4
15. Rd1 Bxe3+ 16. Qxe3 Nb6 17. a3 Nc6 18. h4 Qe6 19. h5 Qe5 20. Nc5 Na5 21. Nd3
Qe6 22. b3 Nxb3+ 23. cxb3 Qxb3 24. Qd4 Re6 25. h6 f6 26. Nb2 Qxf3 27. Bc4 Nxc4
28. Qxc4 Rae8 29. g6 gxh6 30. gxh7+ Kxh7 31. Rd7+ R8e7 32. Rxe7+ Rxe7 33. Re1
Qxa3 34. Qd4 Qa1+ 35. Kd2 Qa5+ 36. Kd1 Qh5+ 37. Kc2 Qh4 38. Nd3 a6 39. Qd5 c6
40. Qf5+ Kh8 41. Re2 Qg5 42. Qh3 Rg7 43. Rf2 Kh7 44. Qe6 Qg4 45. Rxf6 Qxe6 46.
Rxe6 h5 47. Rf6 Re7 48. e5 Kg7 49. Rd6 h4 50. Rd4 h3 51. Rg4+ Kh8 52. Nf4 h2
53. Ng6+ Kh7 54. Nf8+ Kh6 55. Rg6+ Kh5 56. Rg8 Rxe5 57. Rh8+ Kg5 58. Rxh2 a5
59. Nd7 Rd5 60. Nb6 Rb5 61. Nc4 Rc5 62. Kd3 Rd5+ 1/2-1/2

[Event "DLM 2013"]
[Site " "]
[Date "2013.10.03"]
[Round "2.4"]
[White "Nguyen, Huy Dat"]
[Black "Leyrer, Thomas"]
[Result "1/2-1/2"]
[WhiteElo "1909"]
[BlackElo "1854"]
[PlyCount "64"]
[EventDate "2013.??.??"]
[WhiteTeam "Thüringen"]
[BlackTeam "Berlin"]

1. e4 e6 2. d4 d5 3. Nd2 Nf6 4. e5 Nfd7 5. Bd3 c5 6. c3 Nc6 7. Ne2 cxd4 8. cxd4
f6 9. exf6 Nxf6 10. Nf3 Bd6 11. O-O O-O 12. Nc3 a6 13. h3 Qc7 14. Bb1 Bd7 15.
Bg5 Rae8 16. a3 Bf4 17. Qd3 g6 18. Bh4 Bc8 19. Ba2 Qg7 20. Bxf6 Rxf6 21. Rae1
Ref8 22. Ne2 Bb8 23. Kh1 Qh6 24. Qe3 Bf4 25. Nxf4 Rxf4 26. Kg1 Qg7 27. Rd1 g5
28. Bb1 g4 29. hxg4 Rxg4 30. g3 Rxg3+ 31. fxg3 Qxg3+ 32. Kh1 Qh3+ 1/2-1/2

[Event "DLM 2013"]
[Site " "]
[Date "2013.10.03"]
[Round "2.5"]
[White "Lagunow, Elina"]
[Black "Scheftlein, Richard"]
[Result "0-1"]
[WhiteElo "1678"]
[BlackElo "1846"]
[PlyCount "88"]
[EventDate "2013.??.??"]
[WhiteTeam "Berlin"]
[BlackTeam "Thüringen"]

1. Nf3 d5 2. g3 c6 3. Bg2 Bg4 4. d3 Nf6 5. O-O Nbd7 6. h3 Bh5 7. c4 e6 8. Nc3
Bd6 9. Qc2 Bg6 10. cxd5 exd5 11. Re1 O-O 12. e4 dxe4 13. dxe4 Re8 14. Nh4 Qc7
15. Nxg6 hxg6 16. f4 g5 17. e5 gxf4 18. gxf4 Bc5+ 19. Kh1 Rad8 20. Bd2 Nh5 21.
Ne4 g6 22. Rad1 Be7 23. b4 Nf8 24. a3 Ne6 25. Rf1 Nd4 26. Qc4 Nf5 27. Kh2 Rd4
28. Qc3 Red8 29. Bf3 Rd3 30. Qb2 Nhg7 31. Be2 R3d4 32. Bf3 Ne6 33. Rde1 Bh4 34.
Rc1 Qe7 35. Bc3 Rd3 36. Bg4 Ne3 37. Bxe6 Nxf1+ 38. Rxf1 Qxe6 39. f5 Qc4 40.
fxg6 Qxe4 41. gxf7+ Kf8 42. e6 Bg3+ 43. Kg1 Qe3+ 44. Kh1 Rxc3 0-1

[Event "DLM 2013"]
[Site " "]
[Date "2013.10.03"]
[Round "2.6"]
[White "Riedel, Erich"]
[Black "Schnabel, Bennett"]
[Result "1/2-1/2"]
[WhiteElo "1606"]
[BlackElo "1651"]
[PlyCount "47"]
[EventDate "2013.??.??"]
[WhiteTeam "Thüringen"]
[BlackTeam "Berlin"]

1. e4 c5 2. Nf3 g6 3. d4 cxd4 4. Nxd4 Bg7 5. c4 Nc6 6. Be3 d6 7. Nc3 Nf6 8. Be2
O-O 9. O-O Bd7 10. f3 Ne5 11. Qd2 a6 12. b3 Rc8 13. Rac1 Nc6 14. Rfd1 Nxd4 15.
Bxd4 Bc6 16. Be3 Nd7 17. Nd5 Bxd5 18. exd5 Qc7 19. Bd3 Qb8 20. Qf2 Nc5 21. Bf1
Rc7 22. Qc2 Rfc8 23. Qe2 Nd7 24. g3 1/2-1/2

[Event "DLM 2013"]
[Site " "]
[Date "2013.10.03"]
[Round "2.7"]
[White "Greßmann, Hanna"]
[Black "Ratay, Meike"]
[Result "1/2-1/2"]
[WhiteElo "1550"]
[BlackElo "1496"]
[PlyCount "80"]
[EventDate "2013.??.??"]
[WhiteTeam "Berlin"]
[BlackTeam "Thüringen"]

1. e4 e5 2. Nf3 Nc6 3. Bc4 Bc5 4. c3 Nf6 5. d3 h6 6. O-O d6 7. Re1 Be6 8. Bb3
O-O 9. Nbd2 a6 10. Nf1 Re8 11. Ng3 d5 12. exd5 Bxd5 13. Ne4 Nxe4 14. dxe4 Be6
15. Be3 Bxe3 16. Rxe3 Qxd1+ 17. Rxd1 Bxb3 18. axb3 Rad8 19. Red3 f6 20. b4 Rxd3
21. Rxd3 Rd8 22. Rxd8+ Nxd8 23. Nd2 Kf7 24. f3 Ke7 25. Nc4 Kd7 26. Kf2 b6 27.
Ke2 Ne6 28. Ne3 Kc6 29. Kd3 Kb5 30. b3 Nf4+ 31. Kd2 Kc6 32. Nf5 Nxg2 33. Nxg7
Nh4 34. Ke2 Kd7 35. Kf2 Ke7 36. Kg3 Kf7 37. Kxh4 Kxg7 38. Kh5 Kh7 39. h4 Kg7
40. c4 b5 1/2-1/2

[Event "DLM 2013"]
[Site " "]
[Date "2013.10.03"]
[Round "2.8"]
[White "Nguyen, Ha Thanh"]
[Black "Schnabel, Luise"]
[Result "1-0"]
[WhiteElo "1426"]
[BlackElo "1087"]
[PlyCount "59"]
[EventDate "2013.??.??"]
[WhiteTeam "Thüringen"]
[BlackTeam "Berlin"]

1. e4 e5 2. Nf3 Nc6 3. Bc4 Nf6 4. d3 Bc5 5. c3 d6 6. O-O Bg4 7. Bg5 h6 8. Bh4
g5 9. Bg3 Qd7 10. Nbd2 O-O-O 11. b4 Bb6 12. a4 a5 13. Qb3 Be6 14. Bxe6 fxe6 15.
Nc4 axb4 16. cxb4 g4 17. Nxb6+ cxb6 18. Nd2 h5 19. Bh4 Rhf8 20. Rac1 d5 21. b5
dxe4 22. Nxe4 Kb8 23. bxc6 Qxd3 24. Qxb6 Qa6 25. c7+ Ka8 26. cxd8=Q+ Rxd8 27.
Qxd8+ Ka7 28. Rc8 b6 29. Ra8+ Kb7 30. Qc8# 1-0

[Event "DLM 2013"]
[Site " "]
[Date "2013.10.03"]
[Round "2.1"]
[White "Schreiber, Kevin"]
[Black "Kitze, Alexander"]
[Result "1/2-1/2"]
[WhiteElo "1991"]
[BlackElo "2009"]
[PlyCount "41"]
[EventDate "2013.??.??"]
[WhiteTeam "Mecklenburg-Vorpommern"]
[BlackTeam "Sachsen-Anhalt"]

1. d4 Nf6 2. Nf3 g6 3. g3 Bg7 4. Bg2 d5 5. O-O O-O 6. c4 dxc4 7. Na3 c3 8. bxc3
c5 9. Ne5 Nd5 10. Bb2 Nc6 11. Nxc6 bxc6 12. e4 Nb6 13. e5 Ba6 14. Bxc6 Rc8 15.
Bb5 Bxb5 16. Nxb5 Nc4 17. Bc1 Qa5 18. Qb3 cxd4 19. cxd4 Nxe5 20. dxe5 Rb8 21.
Rb1 1/2-1/2

[Event "DLM 2013"]
[Site " "]
[Date "2013.10.03"]
[Round "2.2"]
[White "Heinemann, Josefine"]
[Black "Ispirjan, Mikael"]
[Result "1/2-1/2"]
[WhiteElo "2011"]
[BlackElo "1952"]
[PlyCount "66"]
[EventDate "2013.??.??"]
[WhiteTeam "Sachsen-Anhalt"]
[BlackTeam "Mecklenburg-Vorpommern"]

1. e4 c6 2. c4 d5 3. exd5 cxd5 4. cxd5 Nf6 5. Nc3 Nxd5 6. Nf3 Nc6 7. Bb5 e6 8.
O-O Be7 9. d4 O-O 10. Re1 Bf6 11. Ne4 Nce7 12. Bd3 h6 13. Nxf6+ Nxf6 14. Ne5
Nf5 15. Be3 b6 16. Qf3 Qd5 17. Qxd5 Nxd5 18. Bxf5 exf5 19. Nd3 Bb7 20. Nf4 Nb4
21. Rec1 g5 22. Bd2 Nc6 23. d5 Nd4 24. Bc3 Nb5 25. Nh5 Nxc3 26. Rxc3 Rfd8 27.
Rd1 Rd6 28. Ng3 Rxd5 29. Rxd5 Bxd5 30. Nxf5 Bxa2 31. Nxh6+ Kh7 32. Nf5 Rd8 33.
Ne3 Rd2 1/2-1/2

[Event "DLM 2013"]
[Site " "]
[Date "2013.10.03"]
[Round "2.3"]
[White "Siegert, Gregor"]
[Black "Pallas, Sebastian"]
[Result "0-1"]
[WhiteElo "1859"]
[BlackElo "2110"]
[PlyCount "76"]
[EventDate "2013.??.??"]
[WhiteTeam "Mecklenburg-Vorpommern"]
[BlackTeam "Sachsen-Anhalt"]

1. e4 c5 2. Nf3 d6 3. d4 cxd4 4. Nxd4 Nf6 5. Nc3 a6 6. Bg5 e6 7. f4 Be7 8. Qf3
Qc7 9. O-O-O Nbd7 10. g4 h6 11. Bxf6 Bxf6 12. h4 Qb6 13. Nb3 Be7 14. g5 Nc5 15.
Kb1 Bd7 16. Bg2 Nxb3 17. cxb3 O-O-O 18. Qg4 Kb8 19. Rc1 Bc6 20. Rhd1 hxg5 21.
hxg5 Qf2 22. Rh1 Rhg8 23. Rhf1 Qb6 24. Rfd1 g6 25. Qe2 Rd7 26. Rh1 e5 27. Rh7
exf4 28. Bh3 Rdd8 29. Qg4 Qe3 30. Rxf7 Bxe4+ 31. Nxe4 Qxe4+ 32. Ka1 Qe3 33. Qg1
Rge8 34. Bg2 d5 35. Qh1 Qe6 36. Rh7 Bxg5 37. Rc8+ Qxc8 38. Bxd5 Rxd5 0-1

[Event "DLM 2013"]
[Site " "]
[Date "2013.10.03"]
[Round "2.4"]
[White "Niegsch, Nicolas"]
[Black "Schmekel, Florian"]
[Result "0-1"]
[WhiteElo "2012"]
[BlackElo "1809"]
[PlyCount "78"]
[EventDate "2013.??.??"]
[WhiteTeam "Sachsen-Anhalt"]
[BlackTeam "Mecklenburg-Vorpommern"]

1. e4 c5 2. Nf3 Nc6 3. d4 cxd4 4. Nxd4 g6 5. Nc3 Bg7 6. Be3 Nf6 7. Bc4 O-O 8.
Bb3 a5 9. O-O d6 10. f3 Bd7 11. Ndb5 Nb4 12. Qe2 Na6 13. Rad1 Qc8 14. Na4 Bxb5
15. Qxb5 Nc7 16. Qe2 Nd7 17. c3 b5 18. Nb6 Nxb6 19. Bxb6 Ra6 20. Bxc7 Qxc7 21.
Qxb5 Qa7+ 22. Kh1 a4 23. Bc2 Rb8 24. Qc4 Rxb2 25. Rb1 Rab6 26. Rxb2 Rxb2 27.
Bxa4 Qe3 28. Bb3 e6 29. Qc8+ Bf8 30. c4 Qf2 31. Rg1 Re2 32. h3 Kg7 33. Qd8 d5
34. Qg5 f6 35. Qf4 e5 36. Qc1 Bc5 37. cxd5 Be3 38. Bc4 Bxc1 39. Bxe2 Be3 0-1

[Event "DLM 2013"]
[Site " "]
[Date "2013.10.03"]
[Round "2.6"]
[White "Roseneck, Jonas"]
[Black "Schamber, Dennis"]
[Result "1-0"]
[WhiteElo "1643"]
[BlackElo "1541"]
[PlyCount "71"]
[EventDate "2013.??.??"]
[WhiteTeam "Sachsen-Anhalt"]
[BlackTeam "Mecklenburg-Vorpommern"]

1. e4 c5 2. Nf3 d6 3. d4 cxd4 4. Nxd4 Nf6 5. Nc3 a6 6. Be3 e6 7. f3 Be7 8. Qd2
O-O 9. O-O-O b5 10. g4 Bb7 11. h4 Nc6 12. g5 Nd7 13. Nxc6 Bxc6 14. h5 Ne5 15.
Qg2 b4 16. Nb1 Bb5 17. Nd2 Qc7 18. f4 Nc4 19. Bxc4 Bxc4 20. g6 fxg6 21. hxg6 h6
22. Nxc4 Qxc4 23. Kb1 a5 24. f5 exf5 25. Qd2 fxe4 26. Bxh6 Bf6 27. Bf4 Rfd8 28.
Qh2 Kf8 29. Bxd6+ Ke8 30. Qh8+ Kd7 31. Bb8+ Kc8 32. Rxd8+ Bxd8 33. Rd1 Kxb8 34.
Qxd8+ Qc8 35. Qb6+ Qb7 36. Rd8# 1-0

[Event "DLM 2013"]
[Site " "]
[Date "2013.10.03"]
[Round "2.7"]
[White "Wagner, Swenja"]
[Black "Cejda, Cecilia"]
[Result "0-1"]
[WhiteElo "1376"]
[BlackElo "1400"]
[PlyCount "98"]
[EventDate "2013.??.??"]
[WhiteTeam "Mecklenburg-Vorpommern"]
[BlackTeam "Sachsen-Anhalt"]

1. e4 c5 2. Nf3 d6 3. d4 cxd4 4. Nxd4 Nf6 5. Nc3 a6 6. Bc4 e6 7. Bb3 Be7 8. O-O
O-O 9. f4 b5 10. Kh1 Bb7 11. Bxe6 b4 12. Nd5 Nxd5 13. Bxd5 Bxd5 14. exd5 Re8
15. Bd2 a5 16. c3 Bf6 17. Be1 Qb6 18. Bf2 bxc3 19. bxc3 Qb7 20. Qa4 Nd7 21. Nf5
Nb6 22. Qb3 Reb8 23. Rab1 Qxd5 24. Qxd5 Nxd5 25. Rxb8+ Rxb8 26. Bd4 Nxc3 27.
Bxc3 Bxc3 28. Rd1 d5 29. g3 d4 30. Kg2 Rb2+ 31. Kh3 g6 32. Nxd4 Bxd4 33. Rxd4
Rxa2 34. Rd8+ Kg7 35. Ra8 h5 36. g4 hxg4+ 37. Kxg4 a4 38. h4 a3 39. Kf3 Kh6 40.
Rh8+ Kg7 41. Ra8 Ra1 42. Kg2 Kf6 43. Ra5 Ke6 44. Kf2 Kd6 45. Kg2 Kc6 46. f5 Kb6
47. Ra8 a2 48. fxg6 fxg6 49. Kf2 Rh1 0-1

[Event "DLM 2013"]
[Site " "]
[Date "2013.10.03"]
[Round "2.8"]
[White "Bierfreund, Trine Maja"]
[Black "Eulitz, Charlotte"]
[Result "1-0"]
[WhiteElo "1253"]
[BlackElo "1056"]
[PlyCount "127"]
[EventDate "2013.??.??"]
[WhiteTeam "Sachsen-Anhalt"]
[BlackTeam "Mecklenburg-Vorpommern"]

1. e4 e5 2. Nf3 Nc6 3. Bc4 Bc5 4. c3 Nf6 5. d4 exd4 6. cxd4 Bb4+ 7. Bd2 Bxd2+
8. Nbxd2 d5 9. exd5 Nxd5 10. Qb3 Na5 11. Qa3 Nxc4 12. Nxc4 Qe7+ 13. Qxe7+ Nxe7
14. O-O O-O 15. Rfe1 Nf5 16. Re2 Be6 17. b3 Rad8 18. Rd1 c5 19. Red2 b6 20.
dxc5 Rxd2 21. Rxd2 bxc5 22. h3 Bxc4 23. bxc4 Re8 24. Rd5 g6 25. Rxc5 Nd6 26.
Rc6 Ne4 27. Rc7 a6 28. c5 Nc3 29. a3 Nb5 30. Rc6 Nxa3 31. Rxa6 Nb5 32. Rb6 Nc7
33. Kf1 Rd8 34. Rd6 Ne6 35. Rxd8+ Nxd8 36. Ke2 Nc6 37. Kd3 Kf8 38. Kc4 Ke7 39.
Kb5 Kd7 40. Ng5 Na7+ 41. Kb6 Nc6 42. Nxf7 h5 43. g4 hxg4 44. hxg4 Ne7 45. Kb7
Nc6 46. f4 Ne7 47. g5 Nc6 48. Ne5+ Nxe5 49. fxe5 Kd8 50. c6 Ke7 51. c7 Ke6 52.
c8=Q+ Kxe5 53. Qf8 Ke6 54. Qf6+ Kd5 55. Qxg6 Kd4 56. Qf5 Kc4 57. Qe5 Kb4 58. g6
Kc4 59. g7 Kb4 60. g8=Q Ka4 61. Qg4+ Kb3 62. Qe3+ Kc2 63. Qg2+ Kd1 64. Qeg1#
1-0